000 00562nab a2200181 4500
001 90031
003 OSt
005 20230511093023.0
007 tu
008 110905s2000|||||||
040 _aDE-2950
_cDE-2950
245 0 0 _aGiftkäfer-Fund an der Oder
_bÖlkäfer. Kinder haben in Aurith eines der giftigsten Tiere Deutschland entdeckt. Schlucken sollte man es jedenfalls nicht./
_cel
264 _c2023
653 _aAurith
653 _aÖlkäfer
773 0 _g34. Jahrgang (2023) Nr. 102, 03.05.2023, S. 17: mit Foto
_tMärkische Oderzeitung
942 _2z
_cA
999 _c372430
_d372430